000 00446nam a22001697a 4500
003 NUST
005 20230125142736.0
008 230125b ||||| |||| 00| 0 eng d
020 _a9780007259076
082 _a869.342,COE
100 _aCoelho, Paulo
_93636
245 _aLife :
_bselected qutations /
_cPaulo Coelho
260 _aHarper Collins
_bLondon
_c2007
300 _a126 p
650 _aSelected Qutations
_9107651
942 _2ddc
_cFIC
999 _c593003
_d593003